[Event "14th IBCA World Chess Championship for Blind 2019"]
[Site "Cagliari"]
[Date "2019.04.13"]
[Round "8"]
[Board "32"]
[White "Christensen, Dan"]
[Black "Morariu, Ionel"]
[Result "0-1"]
[WhiteElo "1573"]
[BlackElo "1862"]
[PlyCount "44"]
[EventDate "2019.04.06"]
[EventRounds "9"]
[EventCountry "ITA"]

1. d4 Nf6 2. Nf3 e6 3. c4 b6 4. Nc3 Bb7 5. e3 Be7 6. Bd3 d5 7. b3 O-O 8. Bb2
Nbd7 9. Qc2 c5 10. Ne2 Rc8 11. Nf4 Bd6 12. Ne5 cxd4 13. Nxd7 Qxd7 14. Qd2 dxc4
15. Bxc4 e5 16. Ne2 dxe3 17. Qxe3 b5 18. Bd3 Bb4+ 19. Kf1 Ng4 20. Qg3 Rfd8 21.
Rd1 e4 22. Bb1 Qxd1#  0-1

[Event "14th IBCA World Chess Championship for Blind 2019"]
[Site "Cagliari"]
[Date "2019.04.13"]
[Round "8"]
[Board "33"]
[White "Hengles, Roberto Carlos"]
[Black "Riegler, Dieter"]
[Result "0-1"]
[WhiteElo "1740"]
[BlackElo "1956"]
[PlyCount "50"]
[EventDate "2019.04.06"]
[EventRounds "9"]
[EventCountry "ITA"]

1. e4 c5 2. Nf3 d6 3. d4 cxd4 4. Nxd4 Nf6 5. Nc3 Nc6 6. Bg5 e6 7. f4 h6 8. Bxf6
Qxf6 9. Nxc6 bxc6 10. Qf3 Qd4 11. e5 d5 12. Nd1 Rb8 13. c3 Qb6 14. Bd3 Be7 15.
g4 Bh4+ 16. Ke2 Ba6 17. Rf1 O-O 18. Qh3 Bxd3+ 19. Qxd3 Rfd8 20. Rc1 c5 21. Kf3
Qc6 22. Kg2 d4+ 23. Kh3 dxc3 24. Qxc3 Be7 25. Rf3 Rb4  0-1

[Event "14th IBCA World Chess Championship for Blind 2019"]
[Site "Cagliari"]
[Date "2019.04.13"]
[Round "8"]
[Board "34"]
[White "Began, Branko"]
[Black "Tishuki, Daut"]
[Result "1-0"]
[WhiteElo "1862"]
[BlackElo "1547"]
[PlyCount "73"]
[EventDate "2019.04.06"]
[EventRounds "9"]
[EventCountry "ITA"]

1. d4 d5 2. e3 Nf6 3. Nf3 Bg4 4. c4 e6 5. Qb3 b6 6. Ne5 Bf5 7. Nc3 Nbd7 8. Nc6
Qc8 9. cxd5 exd5 10. Nxd5 Be6 11. Nxf6+ Nxf6 12. Qa4 Bd7 13. Ba6 Qb8 14. Qc2
Bxc6 15. Qxc6+ Nd7 16. Bb7 Be7 17. Bxa8 Qd8 18. O-O O-O 19. Bb7 Bd6 20. g3 Nf6
21. Bd2 Qe7 22. Qg2 c5 23. dxc5 Bxc5 24. Bf3 a5 25. Bc3 h6 26. Rad1 Re8 27. Bd4
Qe6 28. Bxc5 bxc5 29. b3 c4 30. bxc4 Qxc4 31. Rd2 Rb8 32. Rfd1 a4 33. Rd8+ Rxd8
34. Rxd8+ Kh7 35. Rd2 a3 36. Qf1 Qc3 37. Qd3+  1-0

[Event "14th IBCA World Chess Championship for Blind 2019"]
[Site "Cagliari"]
[Date "2019.04.13"]
[Round "8"]
[Board "35"]
[White "Ymeri, Rinor"]
[Black "Prpic, Milan"]
[Result "0-1"]
[WhiteElo "1680"]
[BlackElo "1829"]
[PlyCount "76"]
[EventDate "2019.04.06"]
[EventRounds "9"]
[EventCountry "ITA"]

1. d4 d5 2. Nf3 Nf6 3. Nc3 c5 4. dxc5 Na6 5. Bf4 Nxc5 6. e3 a6 7. Bg5 e6 8. Be2
Be7 9. b4 Nce4 10. Nxe4 Nxe4 11. Bxe7 Qxe7 12. Qd4 O-O 13. O-O b5 14. Bd3 Bb7
15. Bxe4 dxe4 16. Ne1 Rfd8 17. Qb2 Bd5 18. c3 Bc4 19. Nc2 Bxf1 20. Rxf1 Rac8
21. Qa3 Qd6 22. g3 e5 23. Na1 Rc6 24. Nb3 Rxc3 25. Qb2 Qxb4 26. Rc1 Rdc8 27.
Rxc3 Rxc3 28. Kg2 h6 29. Qd2 Rc4 30. Qd8+ Qf8 31. Qb6 Ra4 32. Nc5 Rxa2 33. Nd7
Qe8 34. Qd6 b4 35. Nxe5 b3 36. Qd5 Qe6 37. Qxe4 b2 38. Qb1 Qb3  0-1

[Event "14th IBCA World Chess Championship for Blind 2019"]
[Site "Cagliari"]
[Date "2019.04.13"]
[Round "8"]
[Board "36"]
[White "Johansson, Tage"]
[Black "Selcuk, Umit"]
[Result "0-1"]
[WhiteElo "1749"]
[BlackElo "1555"]
[PlyCount "34"]
[EventDate "2019.04.06"]
[EventRounds "9"]
[EventCountry "ITA"]

1. e4 e6 2. d4 d5 3. exd5 exd5 4. c4 Nf6 5. Nc3 c6 6. Nf3 h6 7. Bd3 Bd6 8. O-O
O-O 9. h3 Re8 10. Be3 dxc4 11. Bxc4 Bf5 12. Re1 Nbd7 13. Qb3 Re7 14. Rad1 Nb6
15. Bd3 Bxd3 16. Rxd3 Nbd5 17. Bd2 Nb4  0-1

[Event "14th IBCA World Chess Championship for Blind 2019"]
[Site "Cagliari"]
[Date "2019.04.13"]
[Round "8"]
[Board "37"]
[White "Dal, Ibrahim"]
[Black "Pugliese, Giuseppe Franco"]
[Result "1/2-1/2"]
[WhiteElo "1606"]
[BlackElo "1648"]
[PlyCount "70"]
[EventDate "2019.04.06"]
[EventRounds "9"]
[EventCountry "ITA"]

1. d4 d5 2. c4 e5 3. dxe5 d4 4. a3 c5 5. f4 Nc6 6. e3 Nh6 7. exd4 cxd4 8. Nf3
Be7 9. Bd3 Nf5 10. O-O O-O 11. Qc2 Qd7 12. h3 h5 13. b4 a6 14. Qf2 Rd8 15. Rd1
g6 16. c5 Qc7 17. Bxf5 Bxf5 18. Ra2 Bxb1 19. Rad2 Bf5 20. Nxd4 Nxd4 21. Rxd4
Rxd4 22. Rxd4 Rd8 23. Rxd8+ Qxd8 24. Bb2 Kf8 25. Qd4 Qxd4+ 26. Bxd4 Ke8 27. Kf2
Bd7 28. Kf3 Kf8 29. g4 hxg4+ 30. hxg4 Kg8 31. g5 Kf8 32. Bc3 Bd8 33. Ke4 Bf5+
34. Kd5 Be6+ 35. Kd4 Ke7  1/2-1/2

[Event "14th IBCA World Chess Championship for Blind 2019"]
[Site "Cagliari"]
[Date "2019.04.13"]
[Round "8"]
[Board "38"]
[White "Kaliner, Arik"]
[Black "Morelli, Daniel"]
[Result "1-0"]
[WhiteElo "1644"]
[BlackElo "1382"]
[PlyCount "75"]
[EventDate "2019.04.06"]
[EventRounds "9"]
[EventCountry "ITA"]

1. e4 e6 2. Qe2 Nf6 3. d4 c5 4. c3 d5 5. e5 Nfd7 6. Qg4 Nc6 7. Ne2 h6 8. Ng3
cxd4 9. cxd4 Nb4 10. Na3 a6 11. Be2 g6 12. Bd2 Nb6 13. O-O Nc6 14. Nc2 Be7 15.
Bd3 Bg5 16. f4 f5 17. exf6 Bxf6 18. Qxg6+ Ke7 19. Nh5 Qf8 20. Nxf6 Qxf6 21.
Qxf6+ Kxf6 22. Rae1 Bd7 23. Rf3 a5 24. Rg3 Rhg8 25. Rh3 Rh8 26. Ree3 Nc4 27.
Bxc4 dxc4 28. Bc3 Ke7 29. d5 e5 30. dxc6 Bxh3 31. gxh3 Rhg8+ 32. Kf2 bxc6 33.
Bxe5 Kf7 34. Nd4 Rad8 35. Nf3 a4 36. Rc3 Rd3 37. Rxc4 a3 38. b3  1-0

[Event "14th IBCA World Chess Championship for Blind 2019"]
[Site "Cagliari"]
[Date "2019.04.13"]
[Round "8"]
[Board "42"]
[White "Dayan, Itay"]
[Black "L`Herbon De Lussats, Jean"]
[Result "0-1"]
[WhiteElo "1409"]
[BlackElo "1312"]
[PlyCount "58"]
[EventDate "2019.04.06"]
[EventRounds "9"]
[EventCountry "ITA"]

1. e4 c5 2. Nc3 Nc6 3. f4 e6 4. Bc4 d6 5. Nf3 Nf6 6. d3 Be7 7. O-O O-O 8. Qe1
e5 9. Nd5 Nxd5 10. Bxd5 Bg4 11. Qg3 Bxf3 12. Rxf3 Nd4 13. Rf1 Qc7 14. Kh1 Nxc2
15. fxe5 Kh8 16. Rb1 dxe5 17. Rf2 Nb4 18. Bxf7 Bf6 19. Bb3 Rad8 20. Bc4 a6 21.
a3 b5 22. axb4 bxc4 23. bxc5 Rxd3 24. Qg4 Rfd8 25. Bg5 Bxg5 26. Qxg5 Qxc5 27.
Rbf1 Qxf2 28. Rxf2 Rd1+ 29. Rf1 Rxf1#  0-1

[Event "14th IBCA World Chess Championship for Blind 2019"]
[Site "Cagliari"]
[Date "2019.04.14"]
[Round "9"]
[Board "1"]
[White "Tazbir, Marcin"]
[Black "Nikac, Predrag"]
[Result "1/2-1/2"]
[WhiteElo "2540"]
[BlackElo "2297"]
[PlyCount "21"]
[EventDate "2019.04.06"]
[EventRounds "9"]
[EventCountry "ITA"]

1. e4 c5 2. Nc3 Nc6 3. Bb5 Nf6 4. Bxc6 dxc6 5. d3 e5 6. f4 exf4 7. Bxf4 c4 8.
Qe2 Qb6 9. O-O-O Bb4 10. Nf3 cxd3 11. cxd3  1/2-1/2

[Event "14th IBCA World Chess Championship for Blind 2019"]
[Site "Cagliari"]
[Date "2019.04.14"]
[Round "9"]
[Board "2"]
[White "Smirnov, Alexey"]
[Black "Kolpakov, Vladyslav"]
[Result "1-0"]
[WhiteElo "2451"]
[BlackElo "2150"]
[PlyCount "133"]
[EventDate "2019.04.06"]
[EventRounds "9"]
[EventCountry "ITA"]

1. Nf3 Nf6 2. c4 g6 3. Nc3 d5 4. cxd5 Nxd5 5. Qa4+ Bd7 6. Qb3 Nb6 7. d4 Bg7 8.
e4 O-O 9. h3 Nc6 10. d5 Nb8 11. a4 a5 12. Be3 Na6 13. Bxa6 Rxa6 14. O-O c6 15.
Rfd1 cxd5 16. exd5 Qc7 17. Bd4 Qc4 18. Qc2 Qb4 19. Bxg7 Kxg7 20. Rd4 Qc5 21.
Re1 h6 22. Qe4 Nc8 23. Qe5+ f6 24. Qe2 Rb6 25. d6 exd6 26. Ne4 Qc7 27. Qd2 Rc6
28. Nc3 Rc4 29. Ree4 Rxd4 30. Nxd4 Qc5 31. Ncb5 b6 32. b3 Rf7 33. Re1 Re7 34.
Rc1 Qg5 35. Qxg5 hxg5 36. f3 Kf8 37. Nc6 Re8 38. Kf2 Ne7 39. Nxe7 Kxe7 40. Re1+
Kd8 41. Rxe8+ Bxe8 42. Nxd6 Bd7 43. Nc4 Be6 44. Ke3 Kc7 45. f4 gxf4+ 46. Kxf4
Kc6 47. h4 Kc5 48. g4 g5+ 49. hxg5 fxg5+ 50. Kxg5 Kb4 51. Kf4 Kxb3 52. Nxb6 Kb4
53. g5 Kc5 54. Ke5 Bb3 55. Nd7+ Kc6 56. Nf8 Kc5 57. g6 Kb4 58. Ne6 Bc2 59. g7
Bh7 60. Kf6 Bg8 61. Nd8 Kxa4 62. Ke7 Kb4 63. Kf8 a4 64. Nc6+ Kc5 65. Kxg8 a3
66. Kf8 a2 67. Nd4  1-0

[Event "14th IBCA World Chess Championship for Blind 2019"]
[Site "Cagliari"]
[Date "2019.04.14"]
[Round "9"]
[Board "3"]
[White "Dukaczewski, Piotr"]
[Black "Stachanczyk, Jacek"]
[Result "1-0"]
[WhiteElo "2225"]
[BlackElo "2163"]
[PlyCount "101"]
[EventDate "2019.04.06"]
[EventRounds "9"]
[EventCountry "ITA"]

1. e4 c5 2. Nf3 d6 3. d4 cxd4 4. Nxd4 Nf6 5. Nc3 g6 6. Be3 Bg7 7. f3 O-O 8. Qd2
Nc6 9. Bc4 Bd7 10. O-O-O Rc8 11. Bb3 Ne5 12. Kb1 Nc4 13. Bxc4 Rxc4 14. g4 b5
15. b3 b4 16. bxc4 bxc3 17. Qxc3 Qc7 18. h4 h5 19. g5 Nh7 20. Kc1 Rc8 21. Rd3
Nf8 22. Qb4 Ne6 23. Nb5 Bxb5 24. Qxb5 Be5 25. Rf1 Nc5 26. Rb3 Nxb3+ 27. axb3
Bg3 28. Rh1 Be5 29. Qa6 Bg7 30. Rd1 Be5 31. f4 Bc3 32. Rd3 Be1 33. Qxa7 Qxa7
34. Bxa7 Bxh4 35. Rh3 Be1 36. c3 Ra8 37. Bd4 Ra1+ 38. Kb2 Ra8 39. Be3 h4 40. b4
Bg3 41. b5 Kf8 42. c5 dxc5 43. Bxc5 Bxf4 44. Rxh4 Be5 45. Rh3 Ke8 46. Kb3 Ra1
47. Kc4 Rc1 48. Rd3 Bf4 49. Be3 Bxe3 50. Rxe3 Rg1 51. Rd3  1-0

[Event "14th IBCA World Chess Championship for Blind 2019"]
[Site "Cagliari"]
[Date "2019.04.14"]
[Round "9"]
[Board "4"]
[White "Jandric, Damjan"]
[Black "Dimic, Pavle"]
[Result "0-1"]
[WhiteElo "2196"]
[BlackElo "2333"]
[PlyCount "70"]
[EventDate "2019.04.06"]
[EventRounds "9"]
[EventCountry "ITA"]

1. e4 c5 2. Nf3 Nc6 3. d4 cxd4 4. Nxd4 Nf6 5. Nc3 d6 6. Bg5 e6 7. Qd2 a6 8.
O-O-O Bd7 9. f4 h6 10. Bh4 Nxe4 11. Nxc6 Qxh4 12. Nxe4 Bxc6 13. Nxd6+ Bxd6 14.
Qxd6 Rd8 15. Qxd8+ Qxd8 16. Rxd8+ Kxd8 17. Rg1 g5 18. g3 Rg8 19. fxg5 hxg5 20.
Bd3 f5 21. Re1 $11 Kd7 22. Kd2 Rh8 23. Re2 Kd6 24. Ke3 f4+ 25. gxf4 Rh3+ 26.
Kd2 gxf4 27. c4 e5 28. Bf5 Rh5 29. Bd3 Rh4 30. b4 Bf3 31. c5+ Kd5 32. Rf2 e4
33. Kc3 Rh3 34. Bf1 Bg2+ 35. Kd2 Bxf1  0-1

[Event "14th IBCA World Chess Championship for Blind 2019"]
[Site "Cagliari"]
[Date "2019.04.14"]
[Round "9"]
[Board "5"]
[White "Wassin, Sergej"]
[Black "Janjic, Stefan"]
[Result "1/2-1/2"]
[WhiteElo "2262"]
[BlackElo "2090"]
[PlyCount "52"]
[EventDate "2019.04.06"]
[EventRounds "9"]
[EventCountry "ITA"]

1. d4 d5 2. Nf3 Nf6 3. c4 e6 4. g3 dxc4 5. Qc2 Nc6 6. Qxc4 Qd5 7. Qxd5 exd5 8.
a3 Bg4 9. Nbd2 Bd6 10. Bg2 O-O 11. O-O a5 12. e3 a4 13. Nb1 Na5 14. Nfd2 Bd7
15. Nc3 Bc6 16. Nf3 Nb3 17. Ra2 Rfe8 18. Bd2 g5 19. h3 h6 20. Rd1 Ne4 21. Nb1
Bb5 22. Bf1 Bxf1 23. Kxf1 Nbxd2+ 24. Nfxd2 f5 25. Nxe4 fxe4 26. Nc3 c6  1/2-1/2

[Event "14th IBCA World Chess Championship for Blind 2019"]
[Site "Cagliari"]
[Date "2019.04.14"]
[Round "9"]
[Board "6"]
[White "Mueller, Oliver"]
[Black "Patra, Subhendu Kumar"]
[Result "1/2-1/2"]
[WhiteElo "2253"]
[BlackElo "1747"]
[PlyCount "61"]
[EventDate "2019.04.06"]
[EventRounds "9"]
[EventCountry "ITA"]

1. c4 Nf6 2. Nc3 e6 3. Nf3 d5 4. d4 c6 5. e3 Nbd7 6. Qc2 Be7 7. Bd2 O-O 8. a3
b6 9. Bd3 Ba6 10. cxd5 Bxd3 11. Qxd3 cxd5 12. O-O Qc7 13. Rfc1 Qb7 14. Rc2 Rfc8
15. Rac1 a6 16. h3 Rc4 17. Na2 Rxc2 18. Qxc2 a5 19. b4 axb4 20. Bxb4 Bxb4 21.
Nxb4 h6 22. a4 Qa7 23. Ra1 Qb7 24. Nc6 Kf8 25. Nce5 Kg8 26. Rc1 Nxe5 27. Nxe5
Nd7 28. Nf3 Qa7 29. Ra1 Qb7 30. Rc1 Qa7 31. Ra1  1/2-1/2

[Event "14th IBCA World Chess Championship for Blind 2019"]
[Site "Cagliari"]
[Date "2019.04.14"]
[Round "9"]
[Board "7"]
[White "Grigorchuk, Sergey"]
[Black "Streltsov, Alexey"]
[Result "0-1"]
[WhiteElo "2236"]
[BlackElo "2131"]
[PlyCount "80"]
[EventDate "2019.04.06"]
[EventRounds "9"]
[EventCountry "ITA"]

1. d4 Nf6 2. c4 g6 3. Nc3 d5 4. cxd5 Nxd5 5. e4 Nxc3 6. bxc3 Bg7 7. Nf3 c5 8.
Be3 Qa5 9. Qd2 O-O 10. Rc1 Nd7 11. d5 b6 12. c4 Qxd2+ 13. Nxd2 f5 14. exf5 gxf5
15. Nf3 e5 16. dxe6 Ne5 17. Nxe5 Bxe5 18. f4 Bg7 19. Be2 Bb7 20. Kf2 Rae8 21.
Bf3 Bxf3 22. Kxf3 Rxe6 23. Bf2 Rd8 24. Rhd1 Bd4 25. Bxd4 Red6 26. g4 Rxd4 27.
Rxd4 Rxd4 28. gxf5 Kf7 29. Rc3 Kf6 30. Kg4 h5+ 31. Kxh5 Kxf5 32. h4 Rd8 33. Kh6
Rh8+ 34. Kg7 Rxh4 35. Ra3 Rxf4 36. Rxa7 Rxc4 37. Kf7 Rh4 38. Ra6 Rb4 39. Ra8
Ke5 40. Ke7 c4  0-1

[Event "14th IBCA World Chess Championship for Blind 2019"]
[Site "Cagliari"]
[Date "2019.04.14"]
[Round "9"]
[Board "8"]
[White "Deniz, Ugur"]
[Black "Babarykin, Stanislav"]
[Result "0-1"]
[WhiteElo "1871"]
[BlackElo "2401"]
[PlyCount "34"]
[EventDate "2019.04.06"]
[EventRounds "9"]
[EventCountry "ITA"]

1. e4 e5 2. Nc3 Nc6 3. g3 Bc5 4. Bg2 a6 5. Nge2 d6 6. h3 f5 7. d3 Nf6 8. Bg5 h6
9. Bxf6 Qxf6 10. Nd5 Qf7 11. Nec3 O-O 12. O-O f4 13. Kh2 Nd4 14. gxf4 exf4 15.
Bf3 c6 16. Bh5 Qd7 17. Bg4 Qd8  0-1

[Event "14th IBCA World Chess Championship for Blind 2019"]
[Site "Cagliari"]
[Date "2019.04.14"]
[Round "9"]
[Board "9"]
[White "Magnusson, Jorgen"]
[Black "Dobierzin, Olaf"]
[Result "1-0"]
[WhiteElo "2301"]
[BlackElo "1992"]
[PlyCount "131"]
[EventDate "2019.04.06"]
[EventRounds "9"]
[EventCountry "ITA"]

1. e4 c5 2. Nc3 Nc6 3. Bb5 Nd4 4. Bc4 e6 5. Nge2 Nf6 6. O-O a6 7. a4 d5 8. exd5
exd5 9. Ba2 Nxe2+ 10. Qxe2+ Be7 11. Re1 Be6 12. f4 c4 13. d4 Qd7 14. Bd2 Bf5
15. b3 cxb3 16. Bxb3 Be4 17. Nxe4 dxe4 18. d5 O-O 19. c4 Bc5+ 20. Kh1 Ng4 21.
h3 Nf2+ 22. Kh2 Nd3 23. Rf1 f5 24. Bc2 Nb4 25. Bb1 a5 26. Bc3 Rae8 27. Be5 Rxe5
28. fxe5 Bd4 29. Ra3 Bxe5+ 30. Kh1 Qd6 31. Rb3 b6 32. g4 g6 33. gxf5 gxf5 34.
Qh5 Bf4 35. Rb2 Nd3 36. Bxd3 exd3 37. Rg2+ Kh8 38. Qf3 Be5 39. Qxd3 f4 40. Re2
Qf6 41. Rf3 Rg8 42. Qe4 Bd6 43. Rf1 Qc3 44. Rf3 Qg7 45. Qb1 Qd4 46. Qb2 Qxb2
47. Rxb2 Bc5 48. Rxf4 Rg1+ 49. Kh2 Ra1 50. Rg4 h6 51. Re2 Rxa4 52. Re6 Kh7 53.
Rh4 Ra2+ 54. Kh1 Ra1+ 55. Kg2 Ra2+ 56. Kf3 Rd2 57. Rhxh6+ Kg7 58. Rhg6+ Kf7 59.
Ref6+ Ke7 60. Rc6 a4 61. Rc7+ Kd8 62. Ra7 Rf2+ 63. Kg3 a3 64. d6 Ke8 65. Rg8+
Rf8 66. Re7+  1-0

[Event "14th IBCA World Chess Championship for Blind 2019"]
[Site "Cagliari"]
[Date "2019.04.14"]
[Round "9"]
[Board "10"]
[White "Pribeanu, Mihail-Dacian"]
[Black "Vela Ignacio, Jose Manuel"]
[Result "1-0"]
[WhiteElo "2198"]
[BlackElo "2038"]
[PlyCount "53"]
[EventDate "2019.04.06"]
[EventRounds "9"]
[EventCountry "ITA"]

1. e4 e5 2. Nf3 Nc6 3. Bb5 f5 4. d3 Nf6 5. O-O d6 6. Nc3 Be7 7. exf5 Bxf5 8. d4
e4 9. d5 a6 10. Nd4 Bg4 11. Bxc6+ bxc6 12. f3 exf3 13. gxf3 Bd7 14. dxc6 Bh3
15. Re1 O-O 16. Ne6 Bxe6 17. Rxe6 d5 18. Bg5 Qe8 19. Qe2 Bc5+ 20. Kh1 Qh5 21.
Qg2 Kh8 22. Re5 Bd6 23. Bxf6 Qf7 24. Bxg7+ Qxg7 25. Rxd5 Qh6 26. Ne4 Rg8 27.
Nxd6  1-0

[Event "14th IBCA World Chess Championship for Blind 2019"]
[Site "Cagliari"]
[Date "2019.04.14"]
[Round "9"]
[Board "11"]
[White "Wolanski, Michal"]
[Black "Zsiltzova-Lisenko, Lubov"]
[Result "1-0"]
[WhiteElo "1935"]
[BlackElo "2191"]
[PlyCount "119"]
[EventDate "2019.04.06"]
[EventRounds "9"]
[EventCountry "ITA"]

1. c4 c5 2. Nc3 Nc6 3. g3 g6 4. Bg2 Bg7 5. a3 Nf6 6. Rb1 a5 7. Nf3 O-O 8. O-O
d6 9. d3 h6 10. Bd2 Be6 11. Nb5 d5 12. cxd5 Nxd5 13. Qc1 Kh7 14. Qxc5 Rc8 15.
Na7 Nxa7 16. Qxa7 b6 17. Qa6 Rc2 18. e4 Nf6 19. Bc3 Nd7 20. d4 Ba2 21. Ra1 Bb3
22. Qd3 Nc5 23. Qe3 Na4 24. Ne1 Rxc3 25. bxc3 Bc4 26. Nd3 Nxc3 27. Ne5 Bxf1 28.
Bxf1 Na4 29. Nc6 Qd7 30. Rc1 e5 31. Qb3 Nc5 32. dxc5 Qxc6 33. Qxb6 Rc8 34. Qxc6
Rxc6 35. Bb5 Rc7 36. c6 Bf8 37. a4 Kg7 38. Kf1 Kf6 39. Ke2 Bb4 40. Kd3 Ke7 41.
Kc4 f6 42. Kd5 Rc8 43. Ba6 Rd8+ 44. Kc4 Kd6 45. Rd1+ Kc7 46. Rxd8 Kxd8 47. Kd5
Kc7 48. Bb5 Be1 49. f3 Bf2 50. Ke6 Bg1 51. Kxf6 Bxh2 52. Kxe5 g5 53. Kf5 Bxg3
54. Kg6 Bf4 55. Kf5 h5 56. e5 h4 57. e6 Kd8 58. Kf6 Bd6 59. c7+ Kxc7 60. e7  1-0

[Event "14th IBCA World Chess Championship for Blind 2019"]
[Site "Cagliari"]
[Date "2019.04.14"]
[Round "9"]
[Board "12"]
[White "Draganov, Ruslan"]
[Black "Casadei, Marco"]
[Result "1-0"]
[WhiteElo "2162"]
[BlackElo "1921"]
[PlyCount "85"]
[EventDate "2019.04.06"]
[EventRounds "9"]
[EventCountry "ITA"]

1. e4 c5 2. Nf3 d6 3. Nc3 Nf6 4. g3 g6 5. Bg2 Bg7 6. O-O O-O 7. d3 Nc6 8. h3
Nd7 9. Be3 Nde5 10. Nxe5 Bxe5 11. f4 Bd4 12. Qd2 Bxe3+ 13. Qxe3 Nd4 14. Rf2 e6
15. Raf1 Qb6 16. Nd1 Bd7 17. g4 f5 18. c3 Nc6 19. Qg3 Ne7 20. Re2 Rf7 21. exf5
exf5 22. Rfe1 Kf8 23. Qh4 Ng8 24. Bd5 Rg7 25. Bxg8 Kxg8 26. Re7 Rf8 27. Rxg7+
Kxg7 28. Re7+ Rf7 29. Rxf7+ Kxf7 30. Qxh7+ Ke8 31. Qxg6+ Kd8 32. g5 Qa6 33.
Qg8+ Kc7 34. Nf2 Qc6 35. g6 Qf3 36. g7 Qxf4 37. Qf7 Qc1+ 38. Kg2 Qg5+ 39. Kf1
Qc1+ 40. Ke2 f4 41. g8=Q Qe3+ 42. Kd1 f3 43. Qg4  1-0

[Event "14th IBCA World Chess Championship for Blind 2019"]
[Site "Cagliari"]
[Date "2019.04.14"]
[Round "9"]
[Board "13"]
[White "Avram, Sretko"]
[Black "Kishan, Gangolli"]
[Result "1/2-1/2"]
[WhiteElo "2120"]
[BlackElo "1950"]
[PlyCount "35"]
[EventDate "2019.04.06"]
[EventRounds "9"]
[EventCountry "ITA"]

1. Nf3 d5 2. d4 Nf6 3. g3 c5 4. dxc5 e6 5. Bg2 Bxc5 6. O-O O-O 7. Nbd2 Nc6 8.
c4 dxc4 9. Nxc4 Qe7 10. a3 b5 11. Ncd2 Bb7 12. b4 Bb6 13. Bb2 Rfd8 14. Qb3 Nd4
15. Nxd4 Bxd4 16. Bxb7 Qxb7 17. Nf3 Bxb2 18. Qxb2  1/2-1/2

[Event "14th IBCA World Chess Championship for Blind 2019"]
[Site "Cagliari"]
[Date "2019.04.14"]
[Round "9"]
[Board "14"]
[White "Suder, Ryszard"]
[Black "Adiyaman, Rene"]
[Result "1-0"]
[WhiteElo "2052"]
[BlackElo "2195"]
[PlyCount "125"]
[EventDate "2019.04.06"]
[EventRounds "9"]
[EventCountry "ITA"]

1. Nf3 Nf6 2. g3 d5 3. Bg2 Bf5 4. O-O e6 5. b3 Be7 6. Bb2 O-O 7. c4 c6 8. d3 h6
9. Nbd2 Nbd7 10. Rc1 Bh7 11. Rc2 Bd6 12. Qa1 Qe7 13. Ne5 Nxe5 14. Bxe5 Ne8 15.
Nf3 f6 16. Bxd6 Nxd6 17. cxd5 cxd5 18. Rfc1 Rac8 19. Rxc8 Rxc8 20. Rxc8+ Nxc8
21. Qc3 Nd6 22. Nd4 Kh8 23. Qc5 a6 24. Nc2 Qd7 25. Ne3 Bg8 26. Nc2 Nb5 27. a4
Qc7 28. Qxc7 Nxc7 29. d4 a5 30. Kf1 Bh7 31. Na3 Kg8 32. Ke1 Kf7 33. Kd2 Ke7 34.
e3 Kd6 35. Bf1 e5 36. Nb5+ Nxb5 37. Bxb5 Bf5 38. Kc3 Bg4 39. Kd2 Ke6 40. Be8
Bf3 41. Bg6 b6 42. Bd3 g5 43. Ba6 Bg2 44. Bd3 Bf3 45. Bg6 f5 46. Be8 f4 47. Bg6
Kf6 48. Bd3 h5 49. Bc2 h4 50. Bd3 Ke6 51. Bg6 Bg4 52. Bd3 fxg3 53. fxg3 Bf5 54.
Ke2 exd4 55. exd4 Be4 56. Bxe4 dxe4 57. Ke3 hxg3 58. hxg3 Kf5 59. g4+ Kxg4 60.
Kxe4 Kh5 61. Kf5 g4 62. Kf4 Kh4 63. d5  1-0

[Event "14th IBCA World Chess Championship for Blind 2019"]
[Site "Cagliari"]
[Date "2019.04.14"]
[Round "9"]
[Board "15"]
[White "Tuka, Oleg"]
[Black "Migala, Andrzej"]
[Result "1-0"]
[WhiteElo "2367"]
[BlackElo "2037"]
[PlyCount "49"]
[EventDate "2019.04.06"]
[EventRounds "9"]
[EventCountry "ITA"]

1. d4 d5 2. Nf3 Nf6 3. c4 c6 4. Nc3 a6 5. c5 Bf5 6. h3 e6 7. Bf4 Be7 8. g4 Bg6
9. Bg2 Nbd7 10. b4 Ne4 11. Rc1 h5 12. Nd2 Nxc3 13. Rxc3 Bf6 14. Nb3 O-O 15. Bd6
Re8 16. O-O hxg4 17. hxg4 e5 18. e3 e4 19. Na5 Qc8 20. Bh3 Bd8 21. g5 Bc7 22.
Qg4 Bxd6 23. Qxd7 Qxd7 24. Bxd7 Re7 25. Bxc6  1-0

[Event "14th IBCA World Chess Championship for Blind 2019"]
[Site "Cagliari"]
[Date "2019.04.14"]
[Round "9"]
[Board "16"]
[White "Aguilar Sevilla, Diego"]
[Black "Komissarov, Alexey"]
[Result "0-1"]
[WhiteElo "2124"]
[BlackElo "2207"]
[PlyCount "70"]
[EventDate "2019.04.06"]
[EventRounds "9"]
[EventCountry "ITA"]

1. d4 Nf6 2. Nf3 g6 3. Nc3 Bg7 4. Bf4 O-O 5. Qd2 d5 6. Bh6 Ne4 7. Nxe4 dxe4 8.
Bxg7 Kxg7 9. Ng5 e5 10. dxe5 Qxd2+ 11. Kxd2 Rd8+ 12. Kc3 Nc6 13. Nxe4 Nxe5 14.
f3 Bf5 15. Nf2 Rd6 16. e4 Be6 17. b3 Rad8 18. Bd3 c5 19. Rhd1 Nc6 20. Bf1 Nd4
21. Kb2 R8d7 22. c3 Nxf3 23. Bb5 Rxd1 24. Rxd1 Rxd1 25. Nxd1 Nxh2 26. Kc2 Ng4
27. Kd2 Kf6 28. Bd3 h5 29. Ke2 Kg5 30. g3 Ne5 31. Ne3 Nxd3 32. Kxd3 Kf6 33.
Nd5+ Ke5 34. Ne3 h4 35. Nf1 Bh3  0-1

[Event "14th IBCA World Chess Championship for Blind 2019"]
[Site "Cagliari"]
[Date "2019.04.14"]
[Round "9"]
[Board "17"]
[White "Nizam, Rasim"]
[Black "Saltik, Suleyman"]
[Result "1-0"]
[WhiteElo "2166"]
[BlackElo "1652"]
[PlyCount "107"]
[EventDate "2019.04.06"]
[EventRounds "9"]
[EventCountry "ITA"]

1. e4 c6 2. d4 d5 3. e5 Bf5 4. Nf3 e6 5. Be2 c5 6. c3 Nc6 7. O-O cxd4 8. Nxd4
Nge7 9. Nxf5 Nxf5 10. Bd3 Nh4 11. Qe2 Bc5 12. Kh1 Ng6 13. f4 a5 14. Nd2 d4 15.
Ne4 Qe7 16. Bd2 O-O 17. Rf3 Rfd8 18. Rh3 dxc3 19. bxc3 Rd7 20. Qh5 h6 21. Rg3
Rxd3 22. Rxd3 Rd8 23. Qe2 b6 24. g3 Qb7 25. Rxd8+ Nxd8 26. Re1 f5 27. exf6 gxf6
28. Qg2 Qe7 29. f5 Ne5 30. Bxh6 Ng4 31. Qd2 Nf7 32. Bf4 e5 33. h3 exf4 34. hxg4
Be3 35. Qd5 Kg7 36. Qe6 Qd8 37. gxf4 Bxf4 38. Kg2 Be5 39. g5 Nxg5 40. Qc4 Qd7
41. Nxg5 Qd2+ 42. Kf3 Qxg5 43. Qg4 Qxg4+ 44. Kxg4 Bxc3 45. Re7+ Kh6 46. a4 Be5
47. Re6 Bd4 48. Rd6 Bc3 49. Rxb6 Kg7 50. Kh5 Bb4 51. Rb7+ Kf8 52. Kg6 Bc3 53.
Rc7 Bd4 54. Rc4  1-0

[Event "14th IBCA World Chess Championship for Blind 2019"]
[Site "Cagliari"]
[Date "2019.04.14"]
[Round "9"]
[Board "18"]
[White "Grybas, Gintaras"]
[Black "Fernandez Manrique, Agustin"]
[Result "1-0"]
[WhiteElo "2006"]
[BlackElo "2120"]
[PlyCount "65"]
[EventDate "2019.04.06"]
[EventRounds "9"]
[EventCountry "ITA"]

1. d4 Nf6 2. Nf3 g6 3. c4 Bg7 4. Nc3 O-O 5. g3 d6 6. Bg2 Nbd7 7. O-O e5 8. e4
a6 9. b3 exd4 10. Nxd4 Nc5 11. Bb2 Ng4 12. b4 Ne6 13. Nd5 Ne5 14. Ne3 c5 15.
Nxe6 Bxe6 16. bxc5 dxc5 17. Qc2 b5 18. cxb5 axb5 19. Nd5 Bxd5 20. exd5 Qb6 21.
Rfd1 Rfd8 22. a3 Ra4 23. Re1 Nc4 24. Bxg7 Kxg7 25. Qc3+ Qf6 26. Qc2 Rc8 27. Bf1
Nd6 28. Bxb5 Rd4 29. Bc6 Nc4 30. Rad1 Ne5 31. Qxc5 Rc4 32. Qe3 Rc3 33. Qxe5  1-0